| 000 -CABECERA |
| Longitud fija campo de control |
00654nam a2200217 a 4500 |
| 001 - NÚMERO DE CONTROL |
| Número de control |
3094 |
| 003 - IDENTIFICADOR DEL NÚMERO DE CONTROL |
| Identificador del número de control |
CDMR |
| 005 - FECHA Y HORA DE LA ÚLTIMA TRANSACCIÓN |
| Fecha y hora de la última transacción |
20131121140022.0 |
| 008 - CÓDIGOS DE INFORMACIÓN DE LONGITUD FIJA |
| Códigos de información de longitud fija |
130130s1984||||||||||||||||||||||||||||d |
| 020 ## - NÚMERO INTERNACIONAL NORMALIZADO PARA LIBROS |
| Número Internacional Normalizado para Libros (ISBN) |
950582095X |
| 040 ## - FUENTE DE LA CATALOGACIÓN |
| Centro catalogador de origen |
CDMR |
| Lengua de catalogación |
cat |
| Centro transcriptor |
CDMR |
| 100 1# - PUNTO DE ACCESO PRINCIPAL-NOMBRE DE PERSONA |
| Nombre de persona |
Ander-Egg, Ezequiel |
| 9 (RLIN) |
2257 |
| 245 10 - MENCIÓN DE TÍTULO |
| Título |
Periodismo popular |
| Mención de responsabilidad, etc. |
Ezequiel Ander-Egg |
| 260 ## - PUBLICACIÓN, DISTRIBUCIÓN, ETC. (PIE DE IMPRENTA) |
| Lugar de publicación, distribución, etc. |
Buenos Aires |
| Fecha de publicación, distribución, etc. |
1984 |
| Nombre del editor, distribuidor, etc. |
Humanitas |
| 300 ## - DESCRIPCIÓN FÍSICA |
| Extensión |
108 p. |
| Otras características físicas |
il. b/n |
| 490 ## - MENCIÓN DE SERIE |
| Mención de serie |
Instrumentos Operativos del Trabajo Social |
| Designación de volumen o secuencia |
21 |
| 500 ## - NOTA GENERAL |
| Nota general |
Obras completas de Ezequiel Ander Egg sobre Trabajo Social |
| 650 04 - PUNTO DE ACCESO ADICIONAL DE MATERIA - TÉRMINO DE MATERIA |
| 9 (RLIN) |
4374 |
| Término de materia o nombre geográfico como elemento inicial |
Periodisme |
| Subdivisión de materia general |
Manuals, guies, etc |
| 650 04 - PUNTO DE ACCESO ADICIONAL DE MATERIA - TÉRMINO DE MATERIA |
| 9 (RLIN) |
3547 |
| Término de materia o nombre geográfico como elemento inicial |
Autoedició |
| 942 ## - ENTRADA DE ELEMENTOS AGREGADOS (KOHA) |
| Koha [por defecto] tipo de item |
Monografies |
| Fuente de clasificaión o esquema |
|